El Cabildo de Concepción 1782-1818. Publicado en los Anales de la Universidad de Chile

Saved in:
Bibliografiske detaljer
Hovedforfatter: Amunátegui Solar, Domingo (Author)
Format: Bog
Sprog:spansk
Udgivet: Santiago Establecimientos gráficos Balcells & Co 1930
Udgivelse:2a. ed
Fag:
Tags: Tilføj Tag
Ingen Tags, Vær først til at tagge denne postø!

MARC

LEADER 00000nam a2200000 a 4500
001 UCJ5085
003 CL-VaPUC
008 070124e19300000CL |||||||||||||||||spa|d
082 0 4 |a 983  |b AMU  |2 21 
100 0 |a Amunátegui Solar, Domingo  |e author  |9 444723 
245 1 3 |a El Cabildo de Concepción 1782-1818. Publicado en los Anales de la Universidad de Chile 
250 |a 2a. ed 
300 |a 141 p 
942 |c BK 
945 |d 20070124 00:00:00  |a rinostro 
260 |a Santiago  |b Establecimientos gráficos Balcells & Co  |c 1930 
600 0 7 |a O'HIGGINS, AMBROSIO  |2 CL-VaPUC  |9 443670 
600 0 7 |a INQUISICION  |2 CL-VaPUC  |9 509851 
650 7 |a COLONIA  |2 CL-VaPUC  |9 509852 
650 0 |a Fiestas religiosas  |9 349319 
650 0 |a Gobierno colonial  |9 353437 
650 0 |a Mujeres  |9 257649 
650 0 |a Hospitales   |9 335788 
650 0 |a Autoridades  |9 507046 
650 0 |a Obras públicas  |9 261125 
650 7 |a MORAL PUBLICA  |2 CL-VaPUC  |9 509853 
650 7 |a TASAS Y CONTRIBUCIONES  |2 CL-VaPUC  |9 509854 
650 7 |a SALUBRIDAD  |2 CL-VaPUC  |9 459475 
650 7 |a CORREOS  |2 CL-VaPUC  |9 375212 
650 0 |a Epidemias  |9 342402 
650 0 |a Viruela  |9 436945 
650 0 |a Vacunación  |9 392521 
650 7 |a REVOLUCION DE LA INDEPENDENCIA  |2 CL-VaPUC  |9 316035 
650 0 |a Historia de Chile  |9 265473 
651 0 |a Concepción  |9 254982 
651 7 |a RERE  |2 CL-VaPUC  |9 508131 
583 |a last modification  |c 20070124 00:00:00  |k Rodrigo Vera 
999 |c 321198  |d 321196 
952 |0 0  |1 0  |4 0  |6 983_000000000000000_AMU_1930  |7 0  |8 X  |9 399889  |a FDOBUD  |b FDOBUD  |d 2019-11-22  |i 1029835  |o 983 AMU 1930  |p 1029835  |r 2019-11-22  |w 2019-11-22  |y BK_X  |k BUD